000 00459nam a2200181Ia 4500
001 5202
005 20260306145851.0
008 260306t2004||||xx |||||||||||||| ||spa||
041 _aESP
082 _a338.1
_bM32
100 _aMayer, Enrique
_eAUT
245 0 _aCasa, chacra y dinero:
_beconomía domésticas y ecología en los Andes
260 _c2004
300 _a412 páginas :
_c23 cm.
650 _aGEN
654 _aCAN
942 _cLIB
_dJUS
_fJUS
_2ddc
_n
999 _c5202
_d5202